<?xml version="1.0" encoding="UTF-8"?>
<record
    xmlns:xsi="http://www.w3.org/2001/XMLSchema-instance"
    xsi:schemaLocation="http://www.loc.gov/MARC21/slim http://www.loc.gov/standards/marcxml/schema/MARC21slim.xsd"
    xmlns="http://www.loc.gov/MARC21/slim">

  <leader>00973nab a2200253 uc4500</leader>
  <controlfield tag="001">803202</controlfield>
  <controlfield tag="005">20250304112158.0</controlfield>
  <controlfield tag="008">030331e20020305                    spa  </controlfield>
  <datafield tag="035" ind1=" " ind2=" ">
    <subfield code="a">803202</subfield>
  </datafield>
  <datafield tag="035" ind1=" " ind2=" ">
    <subfield code="a">(OCoLC)820016072</subfield>
  </datafield>
  <datafield tag="040" ind1=" " ind2=" ">
    <subfield code="c">comduadb</subfield>
  </datafield>
  <datafield tag="041" ind1=" " ind2=" ">
    <subfield code="a">spa</subfield>
  </datafield>
  <datafield tag="100" ind1="1" ind2="0">
    <subfield code="a">Riesco, Oscar Francisco</subfield>
    <subfield code="4">aut</subfield>
    <subfield code="e">aut</subfield>
    <subfield code="9">369904</subfield>
  </datafield>
  <datafield tag="245" ind1="1" ind2="0">
    <subfield code="a">Descripcion de un metodo simple para la determinacion de testosterona biodisponible. Evaluacion critica y aplicaciones en clinica endocrinologica</subfield>
  </datafield>
  <datafield tag="650" ind1=" " ind2=" ">
    <subfield code="a">Testosterona</subfield>
    <subfield code="9">23072</subfield>
  </datafield>
  <datafield tag="650" ind1=" " ind2=" ">
    <subfield code="a">Globulinas</subfield>
    <subfield code="9">18487</subfield>
  </datafield>
  <datafield tag="650" ind1=" " ind2=" ">
    <subfield code="a">Andr&#xF3;genos</subfield>
    <subfield code="9">24783</subfield>
  </datafield>
  <datafield tag="650" ind1=" " ind2=" ">
    <subfield code="a">Hormonas sexuales</subfield>
    <subfield code="9">48419</subfield>
  </datafield>
  <datafield tag="650" ind1=" " ind2="7">
    <subfield code="a">Endocrinolog&#xED;a</subfield>
    <subfield code="2">dcs</subfield>
    <subfield code="9">4308</subfield>
  </datafield>
  <datafield tag="700" ind1="1" ind2="0">
    <subfield code="a">Aquilano, Daniel Roberto</subfield>
    <subfield code="4">aut</subfield>
    <subfield code="e">aut</subfield>
    <subfield code="9">524136</subfield>
  </datafield>
  <datafield tag="700" ind1="1" ind2="0">
    <subfield code="a">Scaglia, Hugo</subfield>
    <subfield code="4">aut</subfield>
    <subfield code="e">aut</subfield>
    <subfield code="9">369906</subfield>
  </datafield>
  <datafield tag="773" ind1="0" ind2=" ">
    <subfield code="t">Acta Bioqu&#xED;mica Cl&#xED;nica Latinoamericana (Buenos Aires)</subfield>
    <subfield code="g">Volumen 36, N&#xFA;mero 01, Marzo 2001, p. 5-26</subfield>
    <subfield code="w">(CO-MdUADB)6294</subfield>
    <subfield code="x">0325-2957</subfield>
    <subfield code="0">2938</subfield>
    <subfield code="9">576379</subfield>
    <subfield code="o">61000005081784</subfield>
  </datafield>
  <datafield tag="942" ind1=" " ind2=" ">
    <subfield code="c">ARIMP</subfield>
  </datafield>
  <datafield tag="999" ind1=" " ind2=" ">
    <subfield code="c">276043</subfield>
    <subfield code="d">276043</subfield>
  </datafield>
</record>
